000 00794cam a22002531 4500
001 6427
003 BD-RjUL
005 20211208234236.0
008 140111r1963 ctua b 001 0 eng
035 _a(BD-RjUL)6467
040 _aDLC
_cDLC
_dDLC
_dBD-RjUL
_beng
041 _aeng
082 0 0 _a382
_bKIF 1963
100 1 _aKindleberger, Charles Poor,
_d1910-
_911733
245 1 0 _aForeign trade and the national economy /
_cCharles Poor Kindleberger
260 _aNew Haven :
_bYale University Press,
_cc1962 [reprinted 1963].
300 _axv, 265 p. ;
_billus. ;
_c20 cm.
490 0 _aStudies in comparative economics,
_v2
504 _aIncludes bibliography.
650 0 _aInternational trade.
_920233
650 0 _aEconomic development.
_920234
942 _2ddc
_cBK
999 _c6427
_d6427